Bhand Pather: (Record no. 105869)

MARC details
000 -LEADER
fixed length control field 00606nam a22001937a 4500
005 - DATE AND TIME OF LATEST TRANSACTION
control field 20170117121400.0
010 ## - LCCN (DPL NO)
LC control number ENG-117092
020 ## - INTERNATIONAL STANDARD BOOK NUMBER
International Standard Book Number 9789350502464
Terms of availability 1100.00
035 ## - SYSTEM CONTROL NUMBER
System control number EN-100624
037 ## - SOURCE OF ACQUISITION
Source of stock number/acquisition DBAD/PUB
082 ## - DEWEY DECIMAL CLASSIFICATION NUMBER
Classification number 398.95411
245 ## - TITLE STATEMENT
Title Bhand Pather:
Statement of responsibility, etc edited by Sushma Jatoo [and] Sudhir Lall
Remainder of title the folk theatre of Kashmir /
260 ## - PUBLICATION, DISTRIBUTION, ETC. (IMPRINT)
Name of publisher, distributor, etc B.R. Publishing
Date of publication, distribution, etc 2016
Place of publication, distribution, etc Delhi
270 ## - ADDRESS
Address 425,Nimri Colony,Ashok Vihar,Phase-IV
City Delhi
Postal code 110052
300 ## - PHYSICAL DESCRIPTION
Extent 115p. :
Dimensions 18cm(Hb)
Other physical details ill
700 ## - ADDED ENTRY--PERSONAL NAME
Personal name Jatoo,Sushma
700 ## - ADDED ENTRY--PERSONAL NAME
Personal name Sudhir Lall
942 ## - ADDED ENTRY ELEMENTS (KOHA)
Source of classification or shelving scheme Dewey Decimal Classification
Item type English Books
Classification part 398.95411
Call number suffix JAT
Holdings
Withdrawn status Lost status Not for loan Collection code Home library Current library Date acquired Source of acquisition Cost, normal purchase price Full call number Barcode Copy number Cost, replacement price Koha item type
    Not For Loan Non-fiction D.B.Act.Division D.B.Act.Division 17/01/2017 DBAD/PUB 1100.00 398.95411 JAT EN-100624 1 1100.00 English Books

© Delhi Public Library
Hit Counter
free hit counter